Welcome to the Holygrace Academy Library

Please use search bar below to get started

WE LOVE BAPU (Record no. 1846)

MARC details
000 -LEADER
fixed length control field 00207nam a22001097a 4500
082 ## - DEWEY DECIMAL CLASSIFICATION NUMBER
Classification number 001
Item number RAT/W
245 ## - TITLE STATEMENT
Title WE LOVE BAPU
260 ## - PUBLICATION, DISTRIBUTION, ETC. (IMPRINT)
Name of publisher RATNASAGAR
300 ## - PHYSICAL DESCRIPTION
Number of Pages 72
650 ## - SUBJECT ADDED ENTRY--TOPICAL TERM
Topical Term REFRENCE
Geographic subdivision KERALA
942 ## - ADDED ENTRY ELEMENTS (KOHA)
Koha item type Books
Holdings
Withdrawn status Lost status Collection code Home library Current library Shelving location Date acquired Source of acquisition Full call number Accession Number Koha item type
    Reference Main Library Main Library SHELF 2-A SCIENCE IN OUR WORLD,FUNK7WAGNALLS ENCYCLO,,FIRST AID ,Y2K,MEDICAL 16/12/2019 PURCHASE 001 RAT/W 12358 Books